| 000 | 00404 a2200145 4500 | ||
|---|---|---|---|
| 040 | _aDLC | ||
| 082 | _a423.419439 | ||
| 100 | _aDr. Jamil Jalibi | ||
| 245 |
_aFarhang e Istalhat Jamia Usmania (Urdu) (Vol. 2) _cDr. Jamil Jalibi |
||
| 260 |
_aIslamabad: _bMuqtedara Qomi Zuban, _c1991. |
||
| 300 |
_a471 p. ; _c27 cm. |
||
| 500 | _aIncludes Index | ||
| 650 | _aDictionary | ||
| 942 |
_cBK _k423.419439 JAL _2ddc |
||
| 999 |
_c9417 _d9417 |
||